Every AAC School Logo Ever - Statistics

General Stats
  • This quiz has been taken 30 times
  • The average score is 26 of 30
Answer Stats
Picture Hint Answer % Correct
Full 2013-2020 UConn
96%
Full 2013-2023 Central Florida
93%
Full 2013-2023 Houston
93%
Full 2013-2014 Louisville
93%
Full 2013-2014 Rutgers
93%
Affiliate (Football) 2024 Army
89%
Full 2013-2023/Affiliate (W Lacrosse) 2023 Cincinnati
89%
Full 2014 East Carolina
89%
Affiliate (W Lacrosse) 2018 Florida
89%
Affiliate (W Lacrosse) 2022 James Madison
89%
Full 2013-2024 SMU
89%
Full 2013 Temple
89%
Full 2014 Tulane
89%
Affiliate (W Rowing) 2013-2015 Villanova
89%
Affiliate (M Soccer) 2022/Full 2023 Charlotte
86%
Affiliate (M Soccer) 2022/Full 2023 Florida Atlantic
86%
Full 2013 Memphis
86%
Affiliate 2022 (W Swim & Dive)/Full 2023 Rice
86%
Affiliate (W Rowing) 2015-2021 San Diego St.
86%
Affiliate (W Lacrosse) 2018 Vanderbilt
86%
Affiliate (M Soccer/W Swim & Dive) 2022 Florida International
82%
Affiliate (W Swim & Dive) 2022/Full 2023 North Texas
82%
Full 2013 South Florida
82%
Full 2014 Tulsa
82%
Affiliate (Football) 2015 Navy
79%
Affiliate (W Lacrosse) 2020/Affiliate (W Rowing) 2020-2024 Old Dominion
79%
Affiliate (M Soccer) 2022/Full 2023 UAB
79%
Full 2023 UTSA
79%
Full (Non-Football) 2017 Wichita St.
71%
Affiliate (W Rowing) 2015-2024 Sacramento St.
68%
No matching quizzes found
Score Distribution
Percent of People with Each Score
Percentile by Number Answered
Your Score History
You have not taken this quiz